| 000 | 03056cam a2200349 i 4500 | ||
|---|---|---|---|
| 003 | SA-RiAUC | ||
| 005 | 20250501104919.0 | ||
| 008 | 250428s2017____su g 000 0 ara c | ||
| 020 | _a9786030240234 | ||
| 024 | 0 | _a00000000270472 | |
| 040 |
_aOM-MuSTI _bara _cSA-RiAUC _dKAC _erda |
||
| 082 | 0 | 4 | _a301.24 |
| 090 |
_a301.24 _b م د ن |
||
| 100 | 1 |
_aمدني، نزار بن عبيد، _d1361 هجري- _eمؤلف. |
|
| 245 | 1 | 2 |
_aالمستقبل : _bتأملات استشرافية في التطورات والتغيرات العلمية والتقنية والأوضاع السياسية المتوقعة في القرن الحادي والعشرين / _cنزار عبيد مدني. |
| 246 | 3 |
_aالمستقبل : _bتأملات استشرافية في التطورات والتغيرات العلمية والتقنية والأوضاع السياسية المتوقعة في القرن 21 |
|
| 250 | _aالطبعة الأولى. | ||
| 264 | 1 |
_aالرياض : _bالعبيكان للنشر، _c2017 |
|
| 300 |
_a440 صفحة ؛ _c24 × 17 سم |
||
| 336 |
_aنص _btxt _2rdacontent _3كتاب |
||
| 337 |
_aبدون وسيط _bn _2rdamedia |
||
| 338 |
_aمجلد _bnc _2rdacarrier |
||
| 504 | _aببليوجرافية : صفحة 435-440. | ||
| 505 | 0 | _aالمحتويات : الفصل الأول : تطور مفهوم الدراسات المستقبلية : نحن والمستقبل-التأصيل التاريخي ...-الفصل الثاني : التحولات والتغيرات المستقبلية في المجالات العلمية والتقنية : أولا : مقدمة عامة-ثانيا : مكونات التقدم التقني ومظاهره-ثالثا : التوقعات المستقبلية لمظاهر ومكونات التقدم التقني-رابعا : وقفة تأمل ختامية-الفصل الثالث : التأثير المستقبلي للتحولات والتغيرات العلمية والتقنية في مجالات حياة الإنسان ودوائر اهتماماته : أولا : مقدمة عامة-ثانيا : التأثيرات المستقبلية الناجمة عن تطبيق التقنيات الحديثة في مجال الأعمال والمهن والوظائف ...--الفصل الرابع : التحولات والتغيرات المستقبلية في المجال السياسي : أولا : مقدمة عامة-ثانيا : التحولات والتغيرات المستقبلية المتوقعة في هيكل النظام الدولي وفي مواقع بعض الدول ... وموضوعات أخرى. | |
| 650 | 7 |
_aالتوقعات المستقبلية _2aucsh |
|
| 650 | 7 |
_aالقرن الحادي والعشرون _xاستشراف _2aucsh |
|
| 650 | 7 |
_aالأحوال السياسية _yقرن 21 _xاستشراف _2aucsh |
|
| 650 | 7 |
_aالتنبؤات التكنولوجية _yقرن 21 _xاستشراف _2aucsh |
|
| 650 | 7 |
_aالاختراعات التكنولوجية _yقرن 21 _xاستشراف _2aucsh |
|
| 942 |
_2ddc _cBOOK _n0 |
||
| 949 |
_aSA-JeALM _d250428 _umohamedma123 _n1 |
||
| 999 |
_c7500 _d7500 |
||